000 00714nma a22002057a 4500
005 20210325185949.0
006 g q ||
008 s2538 th tha d
041 _atha
090 _aTC0001
245 1 0 _aการตรวจเฝ้าระวังมลพิษทางทะเลบริเวณอ่าวไทยตอนบน [Tapecassette]
260 3 _aกรุงเทพฯ
_c2538
300 _a1 ม้วน (2 เรื่อง)Sound
650 0 4 _aความเครียด
650 0 4 _aมลพิษทางทะเล -- ไทย
850 _aNALT
942 _cCD
997 _c000000000024307
_kVC
998 _aBENJALUCK SUTTHIWILAI
999 _c24307
_d24307